Kik csinálják? Buci, paprika és bécsi kendő /
Elmentve itt :
| Szerzők: | |
|---|---|
| Dokumentumtípus: | Cikk |
| Megjelent: |
1979-05-19
|
| Sorozat: | Délmagyarország
69 No. 115 |
| Kulcsszavak: | öregek ellátása |
| Online Access: | http://dmarchiv.bibl.u-szeged.hu/116367 |
| LEADER | 00517nab a2200169 i 4500 | ||
|---|---|---|---|
| 001 | delm116367 | ||
| 005 | 20190524091956.0 | ||
| 008 | 190524s1979 hu o 0|| hun d | ||
| 040 | |a SZTE Délmagyarország Archívum |b hun | ||
| 041 | |a hun | ||
| 100 | 1 | |a Chikán Ágnes | |
| 245 | 1 | 0 | |a Kik csinálják? |h [elektronikus dokumentum] : |b Buci, paprika és bécsi kendő / |c Chikán Ágnes |
| 260 | |c 1979-05-19 | ||
| 300 | |a 5 | ||
| 490 | 0 | |a Délmagyarország |v 69 No. 115 | |
| 695 | |a öregek ellátása | ||
| 700 | 0 | 1 | |a Somogyi Károlyné |e aut |